000 00587nam a2200205 i 4500
001 56064
003 ES-MaACL
005 20230906163257.0
007 t|
008 031002s1977 sp ||||1| spa d
100 1 _aDíaz-Plaja, Fernando,
_d1918-2012
_944396
245 1 3 _aLa biblia contada a los mayores /
_cFernando Díaz-Plaja.
250 _a[1ª ed.].
260 _a[Esplugas de Llobregat :
_bPlaza & Janés,
_c1977]
300 _a144 p. ;
_c19 cm.
490 1 _aRotativa
830 0 _aRotativa
_9179597
852 _aES-MaACL
_jA-7501
_bR.96320
999 _c56064
_d56064